John Steinbeck

Gorde:
Xehetasun bibliografikoak
Egile nagusia: French, Warren
Formatua: Liburua
Hizkuntza:Undetermined
Argitaratua: Buenos Aires, Argentina Editorial Pleamar 1974
Gaiak:
Etiketak: Etiketa erantsi
Etiketarik gabe, Izan zaitez lehena erregistro honi etiketa jartzen!

MARC

LEADER 00000nam a2200000Ia 4500
008 170316s9999 xx 000 0 und d
040 |a cru BVZT 
090 |a C-810 F-3j 
100 |a French, Warren 
245 |a John Steinbeck 
260 |a Buenos Aires, Argentina 
260 |b Editorial Pleamar 
260 |c 1974 
300 |a 238 páginas 
650 |a LITERATURA ESTADOUNIDENSE 
650 |a CRÍTICA 
650 |a BIOGRAFÍA 
999 |c 12845  |d 12845 
942 |c 15 D  |h C-810 F-3j  |2 z